000 00603nam a22001577a 4500
999 _c533483
_d533483
020 _qHard Cover.
082 _a624.1
100 _aMuhammad Mubashir Ajmal
245 _aCracking behavior of two way reinforced concrete base slabs of Telecommunication towers in flexure with varying reinforcement details /
_cMuhammad Mubashir Ajmal.
260 _aIslamabad:
_bSCEE - NUST,
_c2016.
300 _a93 p. :
_bill. ;
_c30cm.
942 _2ddc
_cTHE
650 _aStructural Engineering MS-Thesis.
_917039
700 _aDr. Rao Arsalan Khushnood
_917040